000 01226nam0a2200337 4500
001 RU\NLR\BIBL_A\011358005
005 20260406085346.0
010 _a978-5-9922-2284-5
_93500
021 _aRU
_b2017-14847
_91100
035 _a(RuMoRGB)008812091
035 _a(NLR Aleph) 011358005
090 _a11284453
_c11284453
100 _a20170403d2016 |||y0rusy50 ca
101 0 _arus
102 _aRU
105 _aa z 000ay
200 1 _aТэйла. Принцесса на неделю
_e[фантастический] роман
_fЕлена Каламацкая
_g[художник В. Успенская]
210 _aМосква
_cАрмада
_cАльфа-Книга
_d2016
215 _a312, [1] с.
_cил.
_d21
333 _a16+
517 1 _aПринцесса на неделю
686 _aШ5(2=Р)64-644.5
_2rubbk
686 2 _aШ6(2=Р)8-445
700 1 _aКаламацкая
_bЕ. А.
_gЕлена Александровна
702 1 _4440
_7ca
_8rus
_aУспенская
_bВ. Ю.
_cхудожник
_f1964-
_gВера Юрьевна
_937785
_3RU\NLR\AUTH\7754853
942 _cBOOK
980 _aNBR
980 _aNB